FC 26 FUT Birthday - Statistics

General Stats
  • This quiz has been taken 6 times
    2 since last reset
  • The average score is 34 of 141
Answer Stats
rat pos club playre % Correct
FUT Birthday 92 LW Barça Femení Clàudia Pina
100%
FUT Birthday 92 ST Al-Nassr Cristiano Ronaldo
100%
FUT Birthday Icon 94 ST Hungary Ferenc Puskás
100%
FUT Birthday 92 RW FC Barcelona Lamine Yamal
100%
FUT Birthday Icon 93 GK Germany Oliver Kahn
100%
FUT Birthday Icon 93 ST Sweden Zlatan Ibrahimović
100%
FUT Birthday 89 RB West Ham Aaron Wan-Bissaka
50%
FUT Birthday 90 LB FC Barcelona Alejando Balde
50%
FUT Birthday 91 CB Inter Milan Alessandro Bastoni
50%
FUT Birthday 90 RW Bay FC Alex Pfeiffer
50%
FUT Birthday 92 RW RC Lens Allan Saint-Maximan
50%
FUT Birthday 91 CB Real Madrid Antonio Rüdiger
50%
FUT Birthday 91 RW Real Betis Antony
50%
FUT Birthday Icon 92 LM Japan Aya Miyama
50%
FUT Birthday 90 CB Athletic Bilbao Aymeric Laporte
50%
FUT Birthday 89 LM Galatasaray Barıs Alper Yılmaz
50%
FUT Birthday Icon 93 CAM England Bobby Charlton
50%
FUT Birthday 90 LW Paris Saint-Germain Bradley Barcola
50%
FUT Birthday 90 RM Real Madrid Brahim Díaz
50%
FUT Birthday 91 RW Arsenal Bukayo Saka
50%
FUT Birthday Icon 91 ST South Korea Cha Bum-Kun
50%
FUT Birthday 87 ST Hearts Cláudio Braga
50%
FUT Birthday 90 CAM Liverpool Dominik Szoboszlai
50%
FUT Birthday 91 CM Real Madrid Federico Valverde
50%
FUT Birthday 90 LB Man United Women Fridolina Rolfö
50%
FUT Birthday Icon 92 ST Argentina Gabriel Batistuta
50%
FUT Birthday 90 LM NJ/NY Gotham Guro Reiten
50%
FUT Birthday Icon 88 ST Argentina Hernán Crespo
50%
FUT Birthday 90 ST Liverpool Hugo Ekitiké
50%
FUT Birthday 89 LM Athletic Bilbao Iñaki Williams
50%
FUT Birthday 87 LW Everton Jack Grealish
50%
FUT Birthday 87 LB Fenerbahçe Jayden Oosterwolde
50%
FUT Birthday 91 LW Manchester City Jérémy Doku
50%
FUT Birthday 90 ST Juventus Jonathan David
50%
FUT Birthday Icon 92 CM United States Julie Foudy
50%
FUT Birthday 88 ST AC Monza Keita Baldé Diao
50%
FUT Birthday 91 CAM Juventus Kenan Yıldız
50%
FUT Birthday 90 CM Manchester United Kobbie Mainoo
50%
FUT Birthday Hero 92 CAM MLS Landon Donovan
50%
FUT Birthday 87 ST Werder Frauen Larissa Mühlhaus
50%
FUT Birthday 90 LW Man City Women Lauren Hemp
50%
FUT Birthday 91 CAM OL Lyonnes Lindsey Heaps
50%
FUT Birthday Icon 91 CM Germany Lothar Matthäus
50%
FUT Birthday 90 CM AC Milan Luka Modrić
50%
FUT Birthday Hero 90 RB Serie A Maicon
50%
FUT Birthday 90 RB Atlético Madrid Marcos Llorente
50%
FUT Birthday 90 ST OL Lyonnes Melchie Dumournay
50%
FUT Birthday 90 RW Tottenham Hotspur Mohamed Kudus
50%
FUT Birthday 91 CAM AS Roma Paulo Dybala
50%
FUT Birthday 92 CM AS Monaco Paul Pogba
50%
FUT Birthday 92 CM FC Barcelona Pedri
50%
FUT Birthday Icon 89 GK Czech Republic Petr Čech
50%
FUT Birthday 89 LM NEOM SC Rayane Messi
50%
FUT Birthday Icon 93 LW Brazil Rivaldo
50%
FUT Birthday Icon 91 ST Netherlands Robin van Persie
50%
FUT Birthday Icon 91 CB Netherlands Ronald Koeman
50%
FUT Birthday 91 CM Napoli Scott McTominay
50%
FUT Birthday 90 ST Hoffenheim Frauen Selina Cerci
50%
FUT Birthday 87 RM Beşiktaş Václav Černý
50%
FUT Birthday Hero 91 CB Premier League Vincent Kompany
50%
FUT Birthday 91 CB OL Lyonnes Wendie Renard
50%
FUT Birthday 90 CB Paris Saint-Germain Willian Pacho
50%
FUT Birthday Hero 91 CAM Ligue 1 Abedi Pelé
0%
FUT Birthday 89 ST NEOM SC Alexandre Lacazette
0%
FUT Birthday 87 RB Madrid CFF Allegra Poljak
0%
FUT Birthday 88 CM Paris FC Féminines Anaële Le Moguédec
0%
FUT Birthday Hero 88 CB Serie A Andrea Barzagli
0%
FUT Birthday 88 RM Bilbao Femenino Ane Azkona
0%
FUT Birthday 87 RM Toulouse Aron Dønnum
0%
FUT Birthday 87 CM Legia Warszawa Bartosz Kapustka
0%
FUT Birthday 90 CM Manchester City Bernardo Silva
0%
FUT Birthday 87 CM FC Utrecht Can Bozdoğan
0%
FUT Birthday 89 CAM Real Madrid Caroline Weir
0%
FUT Birthday 89 CAM Atalanta Charles De Ketelaere
0%
FUT Birthday 89 CAM KC Current Croix Bethune
0%
FUT Birthday Hero 91 CDM Serie A Daniele De Rossi
0%
FUT Birthday 88 CB OGC Nice Dante
0%
FUT Birthday 89 CB Atlético Madrid David Hancko
0%
FUT Birthday 89 CDM Man United Women Dominique Janssen
0%
FUT Birthday Hero 89 CDM Serie A Esteban Cambiasso
0%
FUT Birthday Icon 90 ST Spain Fernando Torres
0%
FUT Birthday 90 LB Angel City Gisele Thompson
0%
FUT Birthday 89 RB Bayern Frauen Giulia Gwinn
0%
FUT Birthday 88 RM Fulham Harry Wilson
0%
FUT Birthday 89 ST Brentford Igor Thiago
0%
FUT Birthday 90 LW PSV Eindhoven Ivan Perišić
0%
FUT Birthday 89 CDM NJ/NY Gotham Jaelin Howell
0%
FUT Birthday 90 ST Cremonese Jamie Vardy
0%
FUT Birthday Hero 90 CB La Liga Javier Mascherano
0%
FUT Birthday 87 CB Real Zaragoza Jawad El Yamiq
0%
FUT Birthday 89 LM Eintracht Frankfurt Jean-Matteo Bahoya
0%
FUT Birthday 89 CM Borussia Dortmund Jobe Bellingham
0%
FUT Birthday 89 CM Newcastle Joelinton
0%
FUT Birthday 88 RW RB Leipzig Johan Bakayoko
0%
FUT Birthday 88 CM Chicago Red Stars Julia Grosso
0%
FUT Birthday 87 CAM Strasbourg Julio Enciso
0%
FUT Birthday 89 LB Arsenal Women Katie McCabe
0%
FUT Birthday 87 ST Celtic Kelechi Iheanacho
0%
FUT Birthday 89 RM Man City Women Kerolin Nicoli
0%
FUT Birthday 87 RW Brighton Women Kiko Seike
0%
FUT Birthday 88 LM Al-Nassr Kingsley Coman
0%
FUT Birthday 88 CB Ajax Ko Itakura
0%
FUT Birthday 88 CB Leverkusen Loïc Badé
0%
FUT Birthday 90 ST Darmstadt Luca Marseiler
0%
FUT Birthday 87 CAM Feyenoord Luciano Valente
0%
FUT Birthday Hero 91 CB Bundesliga Lúcio
0%
FUT Birthday Hero 88 RM La Liga Ludovic Giuly
0%
FUT Birthday 91 LM Bayern Munich Luis Díaz
0%
FUT Birthday 88 CB Bournemouth Marco Senesi
0%
FUT Birthday Hero 89 CAM Serie A Marek Hamsík
0%
FUT Birthday Hero 89 ST Serie A Mario Mandžukić
0%
FUT Birthday 88 LB VfB Stuttgart Maximilian Mittelstädt
0%
FUT Birthday 88 ST Boca Juniors Miguel Merentiel
0%
FUT Birthday 88 ST Arsenal Mikel Merino
0%
FUT Birthday 87 CM Al-Qadsiah Musab Al Juwair
0%
FUT Birthday 90 RM Dijon Féminines Nadia Krezyman
0%
FUT Birthday 88 CM Mainz 05 Nadiem Amiri
0%
FUT Birthday Hero 90 CM Frauen-Bundesliga Nadine Keßler
0%
FUT Birthday 87 RB FC Botoșani Narcis Ilaș
0%
FUT Birthday 88 RM Villarreal Nicolas Pépé
0%
FUT Birthday 87 ST Real Valladolid Noah Ohio
0%
FUT Birthday 90 ST Aston Villa Ollie Watkins
0%
FUT Birthday 88 RB Celta Vigo Óscar Mingueza
0%
FUT Birthday 89 CAM Bayern Frauen Pernille Harder
0%
FUT Birthday Hero 89 ST Premier League Peter Crouch
0%
FUT Birthday 89 ST Marseille Pierre-Emerick Aubameyang
0%
FUT Birthday 90 LB Manchester City Rayan Aït-Nouri
0%
FUT Birthday Hero 89 RW Liga Portugal Ricardo Quaresma
0%
FUT Birthday 88 CB Madrid Femenino Rocío Gálvez
0%
FUT Birthday 91 CM PSG Féminine Sakina Karchaoui
0%
FUT Birthday Icon 91 ST Cameroon Samuel Eto'o
0%
FUT Birthday Hero 91 CM Frauen-Bundesliga Simone Laudehr
0%
FUT Birthday 90 ST Arsenal Women Stina Blackstenius
0%
FUT Birthday 89 CB Washington Spirit Tara McKeown
0%
FUT Birthday 88 CDM Racing Louisville Taylor Flint
0%
FUT Birthday 87 CM Rangers Thelo Aasgaard
0%
FUT Birthday Icon 91 CM Germany Toni Kroos
0%
FUT Birthday 88 CDM Lyon Tyler Morton
0%
FUT Birthday 88 CAM Leverkusen Frauen Vanessa Fudalla
0%
FUT Birthday 87 CDM TSG Hoffenheim Wouter Burger
0%
FUT Birthday Hero 91 LM Bundesliga Zé Roberto
0%
No matching quizzes found
Score Distribution
Percent of People with Each Score
Percentile by Number Answered
Your Score History
You have not taken this quiz since the last reset